LEADER 01017nam a2200253 4500 001 000000361198 003 CaOOAMICUS 005 20241218135828.0 008 241213s2009 fr 000 u fre r 020 $a978-2-7067-0651-6 040 $aSeMil$bita 100 1 $aLe Méné, Jean-Marie.$0(OLS)http://semarc/name/121214 245 13$aLa trisomie est une tragédie grecque /$cJean-Marie Le Méné. 264 1$aParis :$bSalvator,$c2009. 300 $a142 p. ;$c21 cm 650 4$aGenetica umana.$0(OLS)http://semarc/subject/33019 650 4$aMongolismo.$0(OLS)http://semarc/subject/56883 850 $aSeMil 852 $aSeMil$W1$xVenegono$y1$m3X II 292$j253511$B252174$CSeMilBibl$Z2$F252174 $81 961 $aPerego don Stefano - Omaggio 996 $6020$a978-2-7067-0651-6$9(OLS)http://semarc/number/302117 996 $6245$aLa trisomie est une tragédie grecque$9(OLS)http://semarc/title/451871 996 $6264$aParis :$bSalvator$9(OLS)http://semarc/publisher/41071 LEADER 01087nam a2200241 i 4500 001 000000023703 003 CaOOAMICUS 005 20180830125446.0 008 180830s1971 it u000 u ita u 040 $aSeMil$bita 100 1 $aDalle Vedove, Nello.$0(OLS)http://semarc/name/10570 245 10$aGaspare Bertoni /$cNello Dalle Vedove. 260 $aRoma :$bPostulazione Generale Stimmatini,$c1971. 300 $av. ;$c25 cm. 650 4$aGaspare Luigi Bertoni .$0(OLS)http://semarc/subject/3724 774 0 $tVita e pensiero del Beato Gaspare Bertoni.$g2$w()23704 774 0 $tBeato Gaspare Bertoni e l'Istituto delle Stimmate nella prima metŕ dell'800 veronese (1816-1853).$g4$w()23705 774 0 $tGiovinezza del ven. Gaspare Bertoni e l'ambiente veronese dell'ultimo '700.$g1$w()38033 774 0 $t1816-1827.$gVolume4$w()38034 774 0 $t1800-1808.$g2$w()191772 774 0 $t1809-1816.$g2$w()191773 996 $6245$aGaspare Bertoni$9(OLS)http://semarc/title/401829 996 $6260$aRoma :$bPostulazione Generale Stimmatini$9(OLS)http://semarc/publisher/35996